书目信息 |
| 题名: |
反和平演变教育讲稿
|
|
| 作者: | 陈光林 主编 | |
| 分册: | ||
| 出版信息: | 济南 山东人民出版社 1991.11 |
|
| 页数: | 319页 | |
| 开本: | 20cm | |
| 丛书名: | ||
| 单 册: | ||
| 中图分类: | D518 | |
| 科图分类: | ||
| 主题词: | 和平演变--讲座 | |
| 电子资源: | ||
| ISBN: | 978-7-209-01027-6 | |
| 000 | 00738nam0 2200229 450 | |
| 001 | 0100360137 | |
| 005 | 20100618161402.0 | |
| 010 | @a978-7-209-01027-6@dCNY4.95 | |
| 100 | @a20021005d1991 em y0chiy0110 ea | |
| 101 | 0 | @achi |
| 102 | @aCN@b370000 | |
| 105 | @ay z 000yy | |
| 106 | @ar | |
| 200 | 1 | @a反和平演变教育讲稿@9Fan He;Huo;Hu Ping Yan Bian Jiao Yu;Yo Jiang Gao @f陈光林主编@b专著 |
| 210 | @a济南@c山东人民出版社@d1991.11 | |
| 215 | @a319页@d20cm | |
| 330 | @a本书全面阐述了国外敌对势力平演变战略的产生和演化过程、主要反动观点、策略手段特点及我们的对策。 | |
| 606 | 0 | @a和平演变@x讲座 |
| 690 | @aD518@v3 | |
| 701 | 0 | @a陈光林@9chen guang lin@4主编 |
| 801 | 0 | @aCN@bAiZhiMarc@c19920314 |
| 905 | @aBZT@dD518@e5@f3@sD518/5 | |
| 反和平演变教育讲稿/陈光林主编.-济南:山东人民出版社,1991.11 |
| 319页;20cm |
| ISBN 978-7-209-01027-6:CNY4.95 |
| 本书全面阐述了国外敌对势力平演变战略的产生和演化过程、主要反动观点、策略手段特点及我们的对策。 |
| ● |
| 相关链接 |
|
|
|
正题名:反和平演变教育讲稿
索取号:D518/5
 
预约/预借
| 序号 | 登录号 | 条形码 | 馆藏地/架位号 | 状态 | 备注 |
| 1 | 2000114977 | 2000114977 | 旧书回溯/ [索取号:D518/5] | 在馆 | |
| 2 | 2000114978 | 2000114978 | 旧书回溯/ [索取号:D518/5] | 在馆 | |
| 3 | 2000132371 | 2000132371 | 旧书回溯/ [索取号:D518/5] | 在馆 |